000 00712cam a22002533a 4500
001 27834
003 PGUSA
005 20140828083612.0
008 090119s2009||||xxu|||||s|||||000 | eng d
040 _aPGUSA
_beng
042 _adc
050 4 _aZ
050 4 _aPZ
100 1 _aBassett, Sara Ware,
_d1872-1968
245 1 0 _aPaul and the Printing Press
_h[electronic resource] /
_cSara Ware Bassett
260 _bProject Gutenberg,
_c2009
506 _aPublic domain in the USA.
516 _aElectronic text
653 _aPrinting -- Juvenile literature
700 1 _aScott, A. O.
_q(Arthur O.)
830 0 _aProject Gutenberg
_v27834
856 4 0 _uhttp://www.gutenberg.org/ebooks/27834
942 _cEB
999 _c257089
_d257089